00938nam a2200313 a 4500003000900000005001700009008004100026020001800067040001300085100001900098245004900117260005800166300001100224490004400235500004600279500005000325500002800375504002900403650002300432650001300455650002200468650002200490650001500512650001100527650002700538650001500565651001400580800003000594AR-BaBNM20251128204235.0082120s2002 ||||||||||||||000 | spa|| a950-25-1504-8 cAR-BaBNM1 aDuval, Natalia00aLos sindicatos clasistasbSiTraC : 1970-1971 aBuenos AiresbCentro Editor de América Latinac1988 a152 p. 0aBiblioteca política ArgentinavV. 235 aSiTraC: Sindicato de Trabajadores Concord aSiTraM: Sindicato de Trabajadores de Materfer aDocumentos en p. 79-148 aBibliografía en p. 152 4aHISTORIA ARGENTINA 4aPOLITICA 4aCONFLICTO LABORAL 4aMOVIMIENTO OBRERO 4aSINDICATOS 4aHUELGA 4aCONDICIONES DE TRABAJO 4aCLASE BAJA 4aArgentina1 aTroncoso, Oscaredirector